[Event "Halifax"]
[Site "Halifax"]
[Date "2012.05.20"]
[Round "4"]
[White "Pentz, Brian"]
[Black "Martin, Brendan T"]
[Result "0-1"]
[WhiteElo "1921"]
[BlackElo "2024"]
[PlyCount "58"]
[EventDate "2012.05.19"]
[EventType "tourn"]
[EventRounds "5"]
[EventCountry "CAN"]
[SourceTitle "EXT 2022"]
[Source "ChessBase"]
[SourceDate "2021.10.06"]
[SourceVersion "1"]
[SourceVersionDate "2021.10.06"]
[SourceQuality "1"]

1. f4 e5 2. fxe5 d6 3. Nf3 dxe5 4. e4 Nc6 5. Bb5 Bc5 6. Qe2 Bg4 7. d3 Nge7 8. Bg5 f6 9. Be3 Qd6 10. Nbd2 Bxe3 11. Qxe3 0-0-0 12. a3 Bxf3 13. gxf3 Nd4 14. Ba4 Ng6 15. 0-0-0 Qc5 16. Kb1 Nf4 17. Nf1 Qa5 18. Bb3 Rd6 19. Nd2 Qc5 20. Qg1 g6 21. Qg4+ Kb8 22. Rhf1 Rb6 23. Qd7 Rxb3 24. cxb3 Qc2+ 25. Ka1 Nxd3 26. Rb1 Qxd2 27. Rfd1 Qe2 28. Ka2 Qxf3 29. Rf1 Nb4+ 0-1